LDR 00807naa#a2200205#i#450# 001 EN\\bibl\123421 005 20260705230148.7 011 ## _a1994-4683 100 ## _a20230731b2023####ek#y0engy0150####ca 102 ## _aRU 200 1# _aPHYSICAL REHABILITATION OF MATURE PERSONS WITH EXTREME TYPES OF VEGETATIVE STATUS _eJournal article 210 1# _aMoscow _cNational State University of Physical Education, Sports and Health named after P.F. Lesgaft _d2023 215 ## _a4 с. 608 ## _aJournal article _2local 675 ## _aСпортивная тренировка. Методика. Нагрузка. Спортивные результаты. 796.015 _z 700 #1 _aSpirina _gI K 700 #1 _aSchukina _gGul'mira Halelbekovna 700 #1 _aKozyrenko _gE A 700 #1 _aKuznetsova _gM A 856 4# _auchzapiski.lesgaft.spb.ru _u